<?xml version="1.0" encoding="UTF-8"?>
<record
    xmlns:xsi="http://www.w3.org/2001/XMLSchema-instance"
    xsi:schemaLocation="http://www.loc.gov/MARC21/slim http://www.loc.gov/standards/marcxml/schema/MARC21slim.xsd"
    xmlns="http://www.loc.gov/MARC21/slim">

  <leader>00402    a2200133   4500</leader>
  <controlfield tag="001">ART_44814</controlfield>
  <controlfield tag="005">20260410162024.0</controlfield>
  <controlfield tag="008">260409a                                 </controlfield>
  <datafield tag="245" ind1="1" ind2="0">
    <subfield code="a">Equidad intergeneracional en el Brasil</subfield>
  </datafield>
  <datafield tag="100" ind1="1" ind2=" ">
    <subfield code="a">Araujo, Tatiana</subfield>
  </datafield>
  <datafield tag="700" ind1="1" ind2=" ">
    <subfield code="a">Turra, Cassio M.</subfield>
  </datafield>
  <datafield tag="700" ind1="1" ind2=" ">
    <subfield code="a">Queiroz, Bernardo L.</subfield>
  </datafield>
  <datafield tag="773" ind1="0" ind2=" ">
    <subfield code="t">Notas de poblaci&#xF3;n</subfield>
    <subfield code="g">- A&#xF1;o XXXVII, N&#xBA; 90 (ene./jun. 2010)</subfield>
    <subfield code="w">REV41841</subfield>
  </datafield>
  <datafield tag="999" ind1=" " ind2=" ">
    <subfield code="c">33373</subfield>
    <subfield code="d">33373</subfield>
  </datafield>
</record>
